Vegan, Vegetarisch oder mit Fleisch? - Statistiken

Allgemein
  • Dieses Quiz wurde 348 mal gespielt
  • Das Durchschnittsergebnis liegt bei 13 aus 15
Antwortstatistiken
Hint Antwort % Korrekt
Hühnchen mit Fleisch
98%
Mett mit Fleisch
96%
Wasser Vegan
96%
Nüsse Vegan
94%
Paprika Vegan
93%
Haferflocken Vegan
93%
Käse Vegetarisch
93%
Milch Vegetarisch
93%
Joghurt Vegetarisch
92%
Ei Vegetarisch
89%
Pizza Margherita Vegetarisch
89%
Fischstäbchen mit Fleisch
86%
Multivitaminsaft Vegan
84%
Salzstangen Vegan
84%
Gummibärchen mit Fleisch
47%
Keine übereinstimmenden Quizze gefunden
Verteilung der Resultate
Anzahl Personen mit jedem Resultat
Perzentil nach korrekt beantworteten Fragen
Ihre Resultats-Entwicklung
Sie haben dieses Quiz noch nicht gespielt